| 000 -CABECERA |
| Longitud fija campo de control |
00944cam a2200241 c 4500 |
| 003 - IDENTIFICADOR DEL NÚMERO DE CONTROL |
| Identificador del número de control |
OSt |
| 005 - FECHA Y HORA DE LA ÚLTIMA TRANSACCIÓN |
| Fecha y hora de la última transacción |
20210408153031.0 |
| 008 - CÓDIGOS DE INFORMACIÓN DE LONGITUD FIJA |
| Códigos de información de longitud fija |
110907s2011 sp a | |||| 000 0 cat |
| 017 ## - NÚMERO DE COPYRIGHT O DE DEPÓSITO LEGAL |
| Número de copyright o de depósito legal |
B 24976-2011 |
| Agencia que asigna el número |
Oficina Dipòsit Legal Barcelona |
| 020 ## - NÚMERO INTERNACIONAL NORMALIZADO PARA LIBROS |
| Número Internacional Normalizado para Libros (ISBN) |
9788461497737 |
| 040 ## - FUENTE DE LA CATALOGACIÓN |
| Centro catalogador de origen |
CDMR |
| Lengua de catalogación |
cat |
| Centro transcriptor |
CDMR |
| Normas de descripción |
rdc |
| 080 ## - NÚMERO DE LA CLASIFICACIÓN DECIMAL UNIVERSAL |
| Número de la Clasificación Decimal Universal |
929(460.233):070.42"19"(060.64) |
| 245 00 - MENCIÓN DE TÍTULO |
| Título |
A l'ombra de Josep Pla : |
| Resto del título |
cinc escriptors-periodistes gironins de la República : [exposició, Fundació Josep Pla, Palafrugell, del 18 al 30 d'octubre de 2011] |
| Mención de responsabilidad, etc. |
a cura de Xavier Pla i Francesc Montero ; [comissariat, Xavier Pla i Francesc Montero] |
| 260 ## - PUBLICACIÓN, DISTRIBUCIÓN, ETC. (PIE DE IMPRENTA) |
| Lugar de publicación, distribución, etc. |
Palafrugell [Girona] |
| Nombre del editor, distribuidor, etc. |
Fundació Josep Pla |
| Fecha de publicación, distribución, etc. |
imp. 2011 |
| 300 ## - DESCRIPCIÓN FÍSICA |
| Extensión |
109 p. |
| Otras características físicas |
il. |
| Dimensiones |
24 cm |
| 650 #0 - PUNTO DE ACCESO ADICIONAL DE MATERIA - TÉRMINO DE MATERIA |
| Término de materia o nombre geográfico como elemento inicial |
Periodistes |
| Subdivisión geográfica |
Girona |
| Subdivisión de forma |
Història |
| -- |
Exposicions |
| 9 (RLIN) |
2277 |
| 700 1# - PUNTO DE ACCESO ADICIONAL - NOMBRE DE PERSONA |
| Nombre de persona |
Pla, Xavier |
| Fechas asociadas al nombre |
1966- |
| 700 1# - PUNTO DE ACCESO ADICIONAL - NOMBRE DE PERSONA |
| Nombre de persona |
Montero, Francesc |
| Fechas asociadas al nombre |
1981- |
| 710 2# - PUNTO DE ACCESO ADICIONAL - NOMBRE DE ENTIDAD |
| Nombre de entidad o nombre de jurisdicción como elemento inicial |
Fundació Josep Pla |
| 901 ## - ELEMENTO A DATOS LOCALES, ADL (RLIN) |
| a |
MON1112 |
| 942 ## - ENTRADA DE ELEMENTOS AGREGADOS (KOHA) |
| Fuente de clasificaión o esquema |
|
| Koha [por defecto] tipo de item |
Monografies |
| 956 ## - LOCALIZACIÓN Y ACCESO ELECTRÓNICO LOCAL (OCLC) |
| Nombre de la fuente |
2 |